Divisions of the Spine - Statistics

General Stats
  • This quiz has been taken 521 times
  • The average score is 4 of 5
Answer Stats
Number of Bones Division % Correct
5 Lumbar
96%
7 Cervical
86%
12 Thoracic
86%
4 fused Coccygeal
77%
5 fused Sacral
66%
No matching quizzes found
Score Distribution
Percent of People with Each Score
Percentile by Number Answered
Your Score History
You have not taken this quiz